000 01268nam a2200277 i 4500
001 6164
003 ES-MaACL
005 20230906144821.0
007 t|
008 890822s1988 sp ||||0| spa d
020 _a84-852-66-8
080 _a371.91/92:34
080 _a34:371.91/92
245 0 0 _aInforme de la reunion internacional de expertos en legislacion para la igualdad de oportunidades de las personas con discapacidad
_b: 2-6 de junio 1986, Viena /
_corganizado por Rehabilitacion Internacional en cooperacion con el Centro para el Desarrollo Social y Asuntos Humanitarios de las Naciones Unidas.
250 _a1a ed.
260 _aMadrid :
_bInstituto Nacional de Servicios Sociales,
_c1988.
300 _aXVI, 459 p. ;
_c22 cm.
490 1 _aColeccion Servicios Sociales ;
_v4
650 _aMinusválidos-
_xProtección, asistencia, etc.-
_vLegislación-
_vCongresos y asambleas.
_915073
710 2 _aRehabilitación Internacional.
_96414
710 2 _aCentro de las Naciones Unidas de Desarrollo Social y Asuntos Humanitarios.
_92713
710 2 _aInstituto Nacional de Servicios Sociales (España)
_95189
830 0 _aColeccion Servicios Sociales ;
_v4
_9227771
852 _aES-MaACL
_jL-13322
_bR.116292
_z. - rust.
999 _c6164
_d6164